[Event "RUS-chT Rapid Men 2018"]
[Site "Sochi"]
[Date "2018.10.09"]
[Round "6"]
[White "Belyakov, Bogdan"]
[Black "Pervakov, Sergey"]
[Result "1/2-1/2"]
[WhiteElo "2458"]
[BlackElo "2098"]
[Annotator "TA"]
[PlyCount "112"]
[EventDate "2018.10.05"]
[EventType "swiss"]
[EventCountry "RUS"]
[SourceTitle "playchess.com"]
[Source "ChessBase"]
[SourceQuality "1"]

{[%evp 16,112,34,20,23,21,21,20,17,17,25,20,18,18,19,12,21,0,4,-11,-2,-7,-8,-13,-12,-18,8,-20,0,-8,0,0,26,-10,0,0,12,0,0,0,0,0,0,-17,0,0,16,14,16,16,15,12,54,52,38,49,49,11,11,0,0,0,0,0,0,0,6,0,0,0,0,0,232,0,0,0,0,0,0,0,0,0,0,0,0,0,0,0,0,0,0,0,0,0,0,0,0,0,0]} 1. e4 {[%cal Be2e4,Be4e5][%mdl 32]} Nf6 2. Nc3 d5 3. e5 d4 4. exf6 dxc3 5. fxg7 cxd2+ 6. Qxd2 Qxd2+ 7. Bxd2 Bxg7 8. O-O-O Bf5 9. Ne2 Nd7 {B02: Alekhine's Defence: Chase Variation and lines with early Nc3} (9... Nc6 10. Ng3 Bd7 11. Nh5 Bd4 12. f3 O-O-O 13. Bc4 Ne5 14. Bb3 Bb5 15. Rhe1 Rd7 16. Bh6 Nc4 17. Rxd4 Rxd4 {1-0 (55) Lu,S (2627)-Shytaj,L (2435) Doha 2016}) 10. Bc3 Bxc3 11. Nxc3 O-O-O 12. Nd5 Rhe8 13. Ne3 Bg6 14. f4 Be4 15. Bc4 e6 $146 ({Predecessor:} 15... Rf8 16. Rhe1 e6 17. Bf1 {1-0 (38) Bisguier,A (2430)-Mirijanian,G Somerset 1986}) 16. Bb5 Rg8 17. Bxd7+ Rxd7 18. Rxd7 Kxd7 $11 {[%mdl 4096] Endgame KRB-KRN} 19. Rd1+ Ke7 20. g4 Rd8 21. Re1 Bc6 22. h4 Kf6 23. Rf1 Be4 24. a4 Rd4 25. b3 $1 b6 26. Rf2 c5 27. Nc4 Kg7 28. h5 Bd5 29. Ne3 Be4 30. g5 f6 31. Ng4 fxg5 32. fxg5 Bf5 33. Ne3 Re4 (33... Bg4 $5 {[%cal Rg4h5]}) 34. Nxf5+ exf5 35. Rxf5 $14 {KR-KR} Rh4 36. Rd5 {[#] aiming for Rd7+.} Rxh5 37. Rd7+ Kg6 38. Rxa7 {Ra6 is the strong threat.} Kxg5 39. Rb7 Rh6 40. Kb2 Kf5 41. Kc3 {Black should prevent Kc4.} Ke5 42. Kc4 {Hoping for Kb5.} Rh4+ $1 43. Kb5 h5 $2 {[#]} (43... Rb4+ $11 44. Kc6 h5) 44. Rh7 $2 ({Don't blunder} 44. Rxb6 $2 Rb4+ 45. Kxc5 Rxb6 $19) (44. c4 $1 $18) 44... Rb4+ $11 {The position is equal.} 45. Kc6 Kd4 46. Rxh5 Kc3 47. Rh2 c4 48. Rh3+ Kxc2 49. bxc4 Rxc4+ 50. Kb5 Rg4 51. Ra3 Kb2 52. Re3 Rf4 53. Re6 Kb3 54. Rxb6 Rb4+ 55. Ka5 Rxb6 56. Kxb6 Kxa4 {Precision: White = 46%, Black = 57%.} 1/2-1/2

[Event "RUS-chT Rapid Men 2018"]
[Site "Sochi"]
[Date "2018.10.09"]
[Round "6"]
[White "Usmanov, Vasily"]
[Black "Iljiushenok, Ilia"]
[Result "1/2-1/2"]
[WhiteElo "2453"]
[BlackElo "2539"]
[Annotator "RC"]
[PlyCount "82"]
[EventDate "2018.10.05"]
[EventType "swiss"]
[EventCountry "RUS"]
[SourceTitle "playchess.com"]
[Source "ChessBase"]
[SourceQuality "1"]
[TimeControl "900+10"]

1. d4 {[%emt 0:00:00]} d6 {[%emt 0:00:00]} 2. Nf3 {[%emt 0:00:05]} Nf6 {[%emt 0:00:00]} 3. g3 {[%emt 0:00:16]} g6 {[%emt 0:00:00]} 4. Bg2 {[%emt 0:00:00]} Bg7 {[%emt 0:00:00]} 5. O-O {[%emt 0:00:04]} O-O {[%emt 0:00:00]} 6. c3 {[%emt 0:00:30]} Nbd7 {[%emt 0:00:32]} 7. Bf4 {[%emt 0:00:08]} Nh5 {[%emt 0:00:52]} 8. Bg5 {[%emt 0:00:27]} h6 {[%emt 0:00:09]} 9. Be3 {[%emt 0:00:12]} e5 {[%emt 0:00:58]} 10. dxe5 {[%emt 0:01:50]} dxe5 {[%emt 0:00:02]} 11. Na3 {[%emt 0:01:10]} Qe7 {[%emt 0:03:54]} 12. Qa4 {[%emt 0:02:13]} c6 {[%emt 0:03:13]} 13. Rfd1 {[%emt 0:00:29]} e4 {[%emt 0:00:25]} 14. Nh4 {[%emt 0:02:29]} Ndf6 {[%emt 0:00:42]} 15. Bf1 {[%emt 0:01:30]} g5 {[%emt 0:00:05]} 16. Ng2 {[%emt 0:00:03]} Bh3 {[%emt 0:00:54]} 17. Qc4 {[%emt 0:01:11]} Nd7 {[%emt 0:01:19]} 18. Nc2 {[%emt 0:00:31]} Nhf6 {[%emt 0:00:27]} 19. Bd4 {[%emt 0:01:04]} c5 {[%emt 0:01:02]} 20. Bxf6 {[%emt 0:01:04]} Nxf6 {[%emt 0:00:01]} 21. Nce3 {[%emt 0:00:03]} Be6 {[%emt 0:00:07]} 22. Qa4 {[%emt 0:00:18]} a6 {[%emt 0:00:01]} 23. Qa5 {[%emt 0:00:23]} Rac8 {[%emt 0:00:12]} 24. h4 {[%emt 0:00:11]} Rfd8 {[%emt 0:00:44]} 25. Qb6 {[%emt 0:00:18]} Kh7 {[%emt 0:01:04]} 26. hxg5 {[%emt 0:00:01]} hxg5 {[%emt 0:00:00]} 27. Ne1 {[%emt 0:00:04]} Nd5 {[%emt 0:00:23]} 28. Nxd5 {[%emt 0:00:06]} Bxd5 {[%emt 0:00:01]} 29. Bh3 {[%emt 0:00:38]} Rc6 {[%emt 0:00:01]} 30. Qa5 {[%emt 0:00:01]} e3 {[%emt 0:00:23]} 31. Bf5+ {[%emt 0:00:20]} Kg8 {[%emt 0:00:04]} 32. Nf3 {[%emt 0:00:29]} exf2+ {[%emt 0:00:14]} 33. Kxf2 {[%emt 0:00:02]} Re8 {[%emt 0:00:12]} 34. e4 {[%emt 0:00:45]} Be6 {[%emt 0:00:01]} 35. Re1 {[%emt 0:00:15]} g4 {[%emt 0:00:01]} 36. Nh4 {[%emt 0:00:04]} Rd6 {[%emt 0:01:18]} 37. Re2 {[%emt 0:00:50]} Bc4 {[%emt 0:00:01]} 38. Rae1 {[%emt 0:00:11]} Bxe2 {[%emt 0:00:02]} 39. Rxe2 {[%emt 0:00:00]} Be5 {[%emt 0:00:29]} 40. Qxc5 {[%emt 0:00:08]} Bxg3+ {[%emt 0:00:04]} 41. Kg2 {[%emt 0:00:02]} Qxh4 {[%emt 0:00:03]} 1/2-1/2

[Event "RUS-chT Rapid Men 2018"]
[Site "Sochi"]
[Date "2018.10.09"]
[Round "6"]
[White "Oganian, Miran"]
[Black "Kozionov, Kirill"]
[Result "1/2-1/2"]
[WhiteElo "2435"]
[BlackElo "2458"]
[Annotator "TA"]
[PlyCount "121"]
[EventDate "2018.10.05"]
[EventType "swiss"]
[EventCountry "RUS"]
[SourceTitle "playchess.com"]
[Source "ChessBase"]
[SourceQuality "1"]

{[%evp 21,121,49,60,54,79,58,79,61,60,64,47,52,64,18,16,0,-2,-6,-15,-17,-25,-110,-119,-173,-176,-210,-209,-314,-312,-286,-306,-308,-289,-277,-174,-180,-152,-157,-144,-133,-121,-110,-116,-117,-70,-67,0,-100,-100,-130,-139,-130,0,0,0,0,0,0,0,0,0,0,7,0,0,0,0,0,8,0,0,0,73,0,0,0,0,0,0,0,0,0,0,0,0,0,0,0,0,0,0,-125,0,0,0,-125,0,0,0,0,0,-40]} 1. d4 Nf6 2. c4 g6 3. Nc3 Bg7 4. Nf3 O-O 5. Bf4 d6 6. e3 c5 7. d5 {E61: King's Indian: Early deviations for White, including Smyslov System} a6 (7... Nh5 8. Bg5 h6 9. Bh4 g5 10. Nd2 gxh4 11. Qxh5 e6 12. Bd3 Qg5 13. Qxg5 hxg5 {0-1 (59) Sakaev,K (2594)-Yuffa,D (2534) Sochi 2016}) 8. a4 Qa5 9. Nd2 e5 10. Bg5 {[%cal Bf4g5,Bg5h4,Bh4f2][%mdl 32]} h6 11. Bh4 Qc7 {LiveBook: 5 Games} 12. Be2 Nh7 13. e4 $146 ({Predecessor:} 13. f3 b6 14. Qc2 f5 15. Bf2 Nd7 16. e4 f4 17. Na2 Ndf6 {½-½ (18) Fernandez Soriano,R (2088)-Sos Andreu,E (2025) Mislata 2011}) 13... f5 14. f3 Nd7 15. Bf2 Ndf6 16. a5 Nh5 17. g3 N5f6 18. Na4 fxe4 19. fxe4 Bh3 20. Nb6 Rae8 21. Rg1 (21. Be3 $11 {remains equal.}) 21... Ng5 $36 {[%mdl 2048] Black has strong initiative.} 22. Qc2 (22. Be3 $17 {might work better.}) 22... Ng4 $19 23. Bxg4 Bxg4 24. h4 (24. Be3 $142) 24... Nf3+ 25. Nxf3 Rxf3 ({Less strong is} 25... Bxf3 26. Be3 $17) 26. Qd2 Rf6 27. Be3 Kh7 28. Qd3 Ref8 29. Kd2 Qf7 {Hoping for ...Rf2+!} 30. Rae1 Rf3 31. Kc2 h5 32. Qd2 Kg8 33. Kb1 Kh7 (33... Qc7 $15) 34. Ka2 (34. Kc2 $11) 34... Qe8 $17 35. Rg2 R8f7 36. Ree2 Rf1 (36... Bh3 $17 37. Rg1 Bg4) 37. Ref2 $11 Rd1 38. Qc2 Rf1 39. Rxf1 Rxf1 40. Rf2 Rxf2 41. Qxf2 Kg8 42. Kb3 Qf7 43. Qxf7+ Kxf7 {[%mdl 4096] Endgame KBB-KBN} 44. Kc3 Bf6 45. Bg5 Be7 46. Kd3 Bf6 (46... Bf8 $11) 47. Ke3 (47. b4 $1 $16) 47... Be7 48. Na4 Ke8 49. Nc3 Bd7 50. Nb1 Bd8 51. Bxd8 Kxd8 {KB-KN} 52. Nd2 Bg4 53. Kd3 Kc7 54. Kc3 b6 55. axb6+ Kxb6 56. Nb3 {[#]} (56. Kb3 $11 {keeps the balance.}) 56... Bf3 ({Black should try} 56... Bd1 $1 $17) 57. Nd2 Bg4 58. Nb3 {[#]} (58. Kb3 $11) 58... Bf3 (58... Bd1 $1 $17) 59. Nd2 {The position is equal.} Bg4 60. Kb3 Bd1+ 61. Kc3 {Precision: White = 60%, Black = 51%.} 1/2-1/2

[Event "RUS-chT Rapid Men 2018"]
[Site "Sochi"]
[Date "2018.10.09"]
[Round "6"]
[White "Vastrukhin, Oleg"]
[Black "Kryakvin, Dmitry"]
[Result "0-1"]
[WhiteElo "2413"]
[BlackElo "2595"]
[Annotator "ChessBase"]
[PlyCount "94"]
[EventDate "2018.10.05"]
[EventType "swiss"]
[EventCountry "RUS"]
[SourceTitle "playchess.com"]
[Source "ChessBase"]
[SourceQuality "1"]
[TimeControl "900+10"]

1. g3 {[%emt 0:00:00]} e5 {[%emt 0:00:00]} 2. Bg2 {[%emt 0:00:00]} d5 {[%emt 0:00:00]} 3. c3 {[%emt 0:00:01]} Nf6 {[%emt 0:00:00]} 4. d4 {[%emt 0:00:01]} Nbd7 {[%emt 0:00:00]} 5. dxe5 {[%emt 0:01:23]} Nxe5 {[%emt 0:00:00]} 6. Nd2 {[%emt 0:00:04]} c6 {[%emt 0:00:03]} 7. Ngf3 {[%emt 0:00:02]} Nxf3+ {[%emt 0:00:02]} 8. Nxf3 {[%emt 0:00:25]} Bc5 {[%emt 0:00:01]} 9. O-O {[%emt 0:00:02]} O-O {[%emt 0:00:02]} 10. Qc2 {[%emt 0:00:40]} Re8 {[%emt 0:01:14]} 11. c4 {[%emt 0:00:42]} dxc4 {[%emt 0:01:20]} 12. Qxc4 {[%emt 0:00:02]} Qb6 {[%emt 0:00:46]} 13. e3 {[%emt 0:01:18]} Be6 {[%emt 0:00:20]} 14. Qc2 {[%emt 0:00:16]} Bd5 {[%emt 0:00:13]} 15. Nd2 {[%emt 0:02:49]} Rad8 {[%emt 0:02:45]} 16. Nb3 {[%emt 0:01:05]} Bf8 {[%emt 0:02:02]} 17. Bd2 {[%emt 0:00:01]} Bb4 {[%emt 0:00:05]} 18. Bxb4 {[%emt 0:02:58]} Qxb4 {[%emt 0:00:02]} 19. Nd4 {[%emt 0:00:02]} c5 {[%emt 0:00:38]} 20. Nb3 {[%emt 0:00:53]} Bxg2 {[%emt 0:00:27]} 21. Kxg2 {[%emt 0:00:02]} b6 {[%emt 0:00:34]} 22. Rad1 {[%emt 0:00:27]} Qe4+ {[%emt 0:02:19]} 23. Qxe4 {[%emt 0:00:03]} Nxe4 {[%emt 0:00:00]} 24. Kf3 {[%emt 0:00:32]} f5 {[%emt 0:00:03]} 25. Ke2 {[%emt 0:00:17]} Kf7 {[%emt 0:00:05]} 26. Rxd8 {[%emt 0:00:38]} Rxd8 {[%emt 0:00:06]} 27. Rc1 {[%emt 0:00:02]} g5 {[%emt 0:01:01]} 28. f3 {[%emt 0:00:05]} Nf6 {[%emt 0:00:04]} 29. Nd2 {[%emt 0:00:13]} Ke6 {[%emt 0:00:20]} 30. a3 {[%emt 0:00:36]} g4 {[%emt 0:01:15]} 31. Rc4 {[%emt 0:00:35]} gxf3+ {[%emt 0:00:44]} 32. Nxf3 {[%emt 0:00:01]} Ne4 {[%emt 0:00:03]} 33. Ra4 {[%emt 0:00:40]} a5 {[%emt 0:00:20]} 34. g4 {[%emt 0:00:18]} Rg8 {[%emt 0:00:15]} 35. h3 {[%emt 0:00:33]} Kd5 {[%emt 0:00:12]} 36. Nd2 {[%emt 0:01:46]} Nxd2 {[%emt 0:00:25]} 37. Kxd2 {[%emt 0:00:02]} fxg4 {[%emt 0:00:24]} 38. hxg4 {[%emt 0:00:01]} c4 {[%emt 0:00:14]} 39. b4 {[%emt 0:00:01]} Rxg4 {[%emt 0:00:42]} 40. Kc3 {[%emt 0:00:01]} Re4 {[%emt 0:00:29]} 41. bxa5 {[%emt 0:00:11]} b5 {[%emt 0:00:03]} 42. Rb4 {[%emt 0:00:18]} Rxe3+ {[%emt 0:00:10]} 43. Kb2 {[%emt 0:00:25]} Rb3+ {[%emt 0:00:41]} 44. Rxb3 {[%emt 0:00:01]} cxb3 {[%emt 0:00:01]} 45. Kxb3 {[%emt 0:00:05]} h5 {[%emt 0:00:01]} 46. a4 {[%emt 0:00:01]} bxa4+ {[%emt 0:00:06]} 47. Kxa4 {[%emt 0:00:01]} Ke5 0-1

[Event "RUS-chT Rapid Men 2018"]
[Site "Sochi"]
[Date "2018.10.09"]
[Round "6"]
[White "Truskavetsky, Alexandr"]
[Black "Sergeyev, Alexander"]
[Result "0-1"]
[WhiteElo "2393"]
[BlackElo "2397"]
[Annotator "TA"]
[PlyCount "164"]
[EventDate "2018.10.05"]
[EventType "swiss"]
[EventCountry "RUS"]
[SourceTitle "playchess.com"]
[Source "ChessBase"]
[SourceQuality "1"]

{[%evp 18,164,43,38,55,50,60,56,63,73,74,57,55,63,80,93,77,50,48,45,42,26,55,-16,68,53,76,75,127,127,122,122,120,127,171,157,230,226,222,211,241,225,306,301,272,200,192,111,108,102,101,38,51,42,47,-16,-23,-50,-42,-38,-38,-158,-158,-158,-158,-158,-158,-158,-37,-24,-32,-40,-40,-154,-8,-299,8,-8,-8,-8,-8,-8,-7,-8,-7,-8,-8,-12,-12,-12,-12,-24,-24,-28,-28,-24,-24,-24,-24,-24,-20,-113,-113,-113,-24,-24,-24,-10729,-10729,-29936,-29939,-12849,-12848,-29938,-29939,-12851,-12851,-29941,-29937,-12845,-12847,-12845,-12846,-12850,-12851,-29941,-29942,-29944,-29945,-29936,-29945,-29943,-12844,-29936,-29953,-29952,-29957,-29960,-29962,-29967,-29969,-29992,-4389,-514,-514,-29969,-514,-29973,-514]} 1. d4 d5 2. c4 c6 3. Nf3 Nf6 4. e3 g6 5. Nc3 Bg7 6. Be2 O-O 7. O-O Bg4 8. cxd5 Nxd5 9. h3 Bxf3 10. Bxf3 e6 {D94: Grünfeld: 4 Nf3 Bg7 5 e3} (10... Nb6 11. b3 {½-½ (11) Wells,P (2439)-Turner,M (2545) England 2018}) 11. e4 Nb6 12. e5 Na6 {White is slightly better.} 13. Ne4 Nd5 $146 ({Predecessor:} 13... Nc8 14. Bg5 Qc7 15. Qd2 Nb6 16. Nf6+ Kh8 17. b4 Rfc8 18. b5 Nb8 19. Rfc1 N6d7 20. Ne4 Rf8 21. Rab1 a6 22. bxc6 Nxc6 23. Nd6 Rab8 24. Qb2 f6 25. Nxb7 {1-0 (25) Lagergren,H (1843)-Harman,K (1806) ICCF email 2014}) 14. a3 c5 15. dxc5 Bxe5 16. Bh6 Re8 17. b4 Nac7 18. Rc1 Nb5 19. Qd3 Nd4 20. Bd1 (20. g3 $14) 20... Nf5 (20... f5 $1 $11 21. Ng3 Bf4 22. Bxf4 Nxf4) 21. Bg5 $14 f6 22. Bd2 Nf4 (22... Qe7 $142) 23. Qxd8 $16 Rexd8 {[#]} 24. Nxf6+ $1 {[%mdl 512]} Bxf6 25. Bxf4 Rd4 26. Bh2 {And now Bf3 would win.} e5 (26... Rad8 $16 {was called for.} 27. Bb3 Re4) 27. Re1 $18 Re8 28. b5 Kf8 29. g4 Ne7 30. Bf3 ({But not} 30. Bxe5 $6 Nf5 $18) 30... Nd5 31. Red1 e4 32. Bg2 (32. Bd6+ $18 Kf7 33. Rxd4 Bxd4 34. Be2) 32... Nc3 $16 33. Rxd4 Bxd4 34. Bd6+ (34. Kf1 $16) 34... Kf7 $14 35. Kf1 Ke6 36. a4 (36. Bf4 $1 $14) 36... Kd5 $11 37. f3 e3 $1 {[%cal Be4e3,Be3e2][%mdl 32]} 38. f4+ Kc4 $1 {[%cal Rc4d3] ...Kd3 is the strong threat.} 39. Bxb7 (39. Bf3 $1 $15) 39... e2+ $17 40. Ke1 Be3 $1 {[%cal Re3c1]} 41. Rxc3+ (41. Bc6 Bxc1 42. Be5 Rxe5 $1 {[%mdl 512]} 43. fxe5 Bg5 44. Kf2 Bh4+ 45. Kf3 e1=Q 46. Bd5+ Kxd5 47. Kg2 Qg3+ 48. Kh1 Qxh3+ 49. Kg1 Ne2#) 41... Kxc3 42. Kxe2 Bxf4+ (42... Bxc5+ $1 $17 43. Be5+ Bd4) 43. Kf3 $15 Bxd6 44. cxd6 $11 {[%mdl 4096] Endgame KR-KB} Rd8 {Threatens to win with ...Kb4.} 45. a5 ({White should play} 45. Kf4 $15 Kc4 46. Ke5) 45... Rxd6 (45... Kb4 $1 $17 {[%cal Rb4a5]} 46. b6 a6) 46. b6 $2 {[%mdl 8192]} (46. Kf4 $1 $11 {and White is okay.}) 46... a6 $2 (46... axb6 $19 47. axb6 Rxb6) 47. Bxa6 Kb4 48. b7 $132 {[%mdl 2048] White puts up resistance} Rd8 49. Be2 Kxa5 {Hoping for ...Rb8.} 50. Kf4 Kb6 51. Bf3 Kc7 {aiming for ...Rf8+.} 52. h4 Rf8+ 53. Kg3 $1 Rf6 54. g5 Rb6 55. h5 Rb5 56. Kh4 Rb4+ 57. Kg3 gxh5 58. Bxh5 Kd6 59. Bg4 (59. g6 $11 Rxb7 60. gxh7 Rxh7 61. Be2) 59... Rxb7 $17 {White must now prevent ...Ke5.} 60. Bf5 Ke5 (60... Rg7 $1 $17 {Strongly threatening ...Ke5.} 61. Kf4 Ke7) 61. Bc2 $1 $11 Rg7 62. Kg4 $2 {[%mdl 8192]} (62. Kf3 $11) 62... h6 $1 $19 63. g6 Kf6 64. Kh5 Rc7 65. Bd3 Rc3 66. Bb1 Kg7 67. Kg4 Rc4+ 68. Kh5 Rf4 69. Bc2 Kf6 70. Bb1 Rf2 71. Bd3 Rh2+ 72. Kg4 Rg2+ 73. Kh5 Kg7 74. Bb1 Rg5+ 75. Kh4 Kf6 76. Bc2 Ke5 77. Bb1 Kf4 78. Kh3 Rg1 79. Bc2 Rg3+ (79... Kf3 $142 80. Bd1+ Rxd1 81. Kh2 Rd2+ 82. Kh3 Rg2 83. g7 Rxg7 84. Kh2 Rg5 85. Kh1 Kf2 86. Kh2 Rh5#) 80. Kh2 Kg4 81. Bb1 (81. Bf5+ $19 Kf3 82. Be4+ Kf4 83. Bc2) 81... Kf3 (81... Re3 $142 82. g7 Rh3+ 83. Kg2 Rg3+ 84. Kh2 Kf4 85. Bc2 Rxg7 86. Bb3 h5 87. Be6 Rc7 88. Kh3 Kg5 89. Kg3 h4+ 90. Kh3 Rc3+ 91. Kg2 Kf6 92. Bd7 Rg3+ 93. Kh2 Kg5 94. Be6 Kh6 95. Bd7 Kg5 96. Be6 Kf6 97. Bc4 Re3 98. Bb5 Re7 99. Ba6 Rc7 100. Bb5 Kf5 101. Ba4 Kg4 102. Bd1+ Kg5 103. Ba4 Ra7 104. Bb3 h3 105. Bd5 Kh4 106. Kg1 Kg3 107. Kf1 h2 108. Ke2 Re7+ 109. Kf1 {[#]} Rf7+ $1 {[%mdl 512]} 110. Ke2 Rf2+ 111. Ke3 Rg2 $1 {[%mdl 512]} 112. Kd4 h1=Q 113. Bxg2 Kxg2 114. Kc5 Qc1+ 115. Kb5 Kf3 116. Ka6 Qb2 117. Ka7 Ke4 118. Ka6 Kd5 119. Ka7 Kc6 120. Ka8 Qb7#) 82. Bf5 (82. Be4+ $19 Kf4 83. Bf5) 82... Kf2 {Precision: White = 42%, Black = 53%.} (82... Rg2+ $142 83. Kh1 Rg5 84. Bd7 Kg3 85. Kg1 h5 86. Kf1 h4 87. Ke2 Rxg6 88. Ke3 Rg7 89. Bc8 h3 90. Bxh3 Kxh3 91. Ke4 Rg5 92. Kd3 Rg4 93. Ke2 Kg3 94. Ke3 Rf4 95. Kd2 Kf2 96. Kd3 Rg4 97. Kc2 Ke3 98. Kc3 Ke2 99. Kb2 Kd2 100. Kb3 Rh4 101. Kb2 Rh3 102. Kb1 Kc3 103. Ka2 Kc2 104. Ka1 Ra3#) 0-1

[Event "RUS-chT Rapid Men 2018"]
[Site "Sochi"]
[Date "2018.10.09"]
[Round "6"]
[White "Gogolev, Artem"]
[Black "Kobalia, Mikhail"]
[Result "1/2-1/2"]
[WhiteElo "2389"]
[BlackElo "2620"]
[Annotator "TA"]
[PlyCount "132"]
[EventDate "2018.10.05"]
[EventType "swiss"]
[EventCountry "RUS"]
[SourceTitle "playchess.com"]
[Source "ChessBase"]
[SourceQuality "1"]

{[%evp 9,132,19,24,21,29,30,22,26,25,14,24,17,20,11,33,22,31,6,14,0,35,8,5,3,7,9,18,0,0,8,12,0,14,0,8,0,7,0,22,19,15,8,56,15,35,0,8,0,0,0,10,8,12,0,8,0,0,0,0,0,0,0,0,0,0,0,437,437,408,423,443,447,443,436,405,381,1115,101,114,0,0,0,0,0,0,0,0,0,0,11,19,0,0,0,0,0,0,0,0,0,0,0,0,0,0,0,0,0,0,0,10,0,0,0,0,0,0,0,0,0,0,0,0,0,0]} 1. d4 d5 2. c4 c6 3. cxd5 cxd5 4. Nc3 e6 5. Bf4 Bd6 6. Bxd6 {D10: Slav Defence: 3 cxd5 (without early Nf3) and 3 Nc3} Qxd6 7. e3 Ne7 8. Bd3 Nbc6 9. Nf3 Bd7 10. O-O O-O 11. Rc1 Rfc8 12. Qd2 $146 ({Predecessor:} 12. Qe2 Be8 13. Bb1 f6 {½-½ (62) Najer,E (2658)-Kobalia,M (2632) Moscow 2015}) 12... Be8 13. Ne2 f6 14. Nc3 Na5 15. b3 Nac6 16. Rfe1 Bh5 17. Be2 Bg6 18. Bd3 Bf5 19. Bxf5 Nxf5 20. Red1 Qd8 21. Ne2 {[%cal Bc3e2,Be2g3,Bg3f5][%mdl 32]} Nd6 22. Ng3 Qb6 23. Rc5 Nb8 24. Rxc8+ Nxc8 25. e4 Nc6 26. exd5 exd5 27. Nf5 N8e7 28. Qf4 Qd8 29. h4 (29. N3h4 {is more complex.} Qd7 30. Re1 Rc8 31. Qf3 Rd8 32. Nxe7+ Nxe7 33. g3) 29... Qd7 (29... Nxf5 {keeps more tension.} 30. Qxf5 Qd6 31. Re1 Rd8 32. h5 h6) 30. Nxe7+ $40 {[%mdl 128] White has some attack.} Nxe7 31. h5 Nf5 32. Rc1 Rc8 $1 33. Rxc8+ Qxc8 34. Nh4 Nxh4 35. Qxh4 $11 {[%mdl 4096] Endgame KQ-KQ} h6 36. Qf4 Qe8 37. Qf5 Qe4 $2 {[%mdl 8192]} (37... Qc6 $11) 38. Qxe4 $18 dxe4 {KP-KP} 39. Kh2 Kf7 40. Kg3 Ke6 41. Kf4 Kd5 42. Ke3 f5 $2 (42... b5 43. b4 f5) 43. a4 $2 (43. f3 $18 exf3 44. Kxf3) 43... a5 $16 44. f3 ({White should try} 44. Kf4 $16) 44... f4+ $1 $11 {The position is equal.} 45. Kxf4 exf3 46. gxf3 Kxd4 47. Kf5 Kc3 48. Kg6 Kxb3 49. Kxg7 Kxa4 {K3P-KPP} 50. f4 Kb3 51. f5 a4 {[#] ...a3 is the strong threat.} 52. f6 {aiming for f7.} ({But not} 52. Kxh6 $6 a3 $16) 52... a3 53. f7 (53. Kxh6 $6 a2 $16) 53... a2 54. f8=Q {Black must now prevent Qf6.} ({Don't take} 54. Kxh6 $6 a1=Q $16) 54... a1=Q+ 55. Kxh6 {KQ-KQ} Qc1+ 56. Kg6 {[#] And now Qf3+ would win.} Qg1+ 57. Kh7 {Strongly threatening Qg8+.} Qb1+ 58. Kh8 b5 59. h6 Ka4 60. h7 {Threatens to win with Qf6.} Qg6 61. Qa8+ Kb4 62. Qf8+ Ka4 63. Qd8 {Hoping for Qd1+.} b4 64. Qa8+ Kb5 65. Qd5+ Ka4 66. Qa8+ Kb5 {Precision: White = 43%, Black = 57%.} 1/2-1/2

[Event "RUS-chT Rapid Men 2018"]
[Site "Sochi"]
[Date "2018.10.09"]
[Round "6"]
[White "Ozgibcev, Anatoly"]
[Black "Basiev, Valeriy P."]
[Result "0-1"]
[WhiteElo "2368"]
[BlackElo "1990"]
[Annotator "TA"]
[PlyCount "150"]
[EventDate "2018.10.05"]
[EventType "swiss"]
[EventCountry "RUS"]
[SourceTitle "playchess.com"]
[Source "ChessBase"]
[SourceQuality "1"]

{[%evp 11,150,37,32,6,28,-16,-10,-16,-7,-15,0,-14,-22,-25,-31,-14,-6,5,45,31,30,26,23,20,71,13,27,11,8,8,37,21,127,135,139,33,41,13,13,8,18,10,0,0,0,16,47,46,52,56,75,69,95,83,83,55,52,0,43,37,164,7,8,8,10,21,30,0,0,0,102,93,113,62,77,73,79,69,77,62,69,69,66,62,163,68,274,168,545,83,378,33,250,0,382,350,388,381,444,373,361,293,279,268,396,385,298,224,220,49,54,62,56,28,37,-429,-429,-584,-716,-723,-716,-706,-708,-697,-695,-673,-676,-645,-588,-681,-664,-676,-652,-845,-858,-1081,-1047,-924,-816,-1623,-1560]} 1. Nf3 b5 2. g3 Bb7 3. Bg2 Nf6 4. O-O g6 5. d3 (5. c3 a6 6. a4 c6 7. d4 Bg7 8. Nbd2 O-O 9. e4 d6 10. e5 Nd5 11. Ne4 Qc7 12. Re1 c5 13. axb5 axb5 14. Rxa8 Bxa8 {½-½ (39) Meier,G (2630)-Carlsen,M (2838) chess.com INT 2017}) 5... Bg7 6. e4 {A05: Réti Opening: 1 Nf3 Nf6} d6 {LiveBook: 4 Games} 7. c3 Nbd7 8. h3 $146 {White has an edge.} ({Predecessor:} 8. Bg5 h6 9. Be3 O-O 10. Nd4 d5 11. Nxb5 dxe4 {½-½ (39) Martin,B (2375)-Gluzman,M (2445) Canberra 1999}) 8... O-O 9. Be3 c5 10. Nbd2 c4 11. dxc4 bxc4 12. Qc2 Qc7 13. Rfe1 Nc5 14. e5 dxe5 {Strongly threatening ...Nd3.} 15. Bxc5 $1 Qxc5 16. Nxe5 Bxg2 17. Kxg2 Qd5+ (17... Rfc8 $11 {keeps the balance.}) 18. Kh2 (18. Ndf3 $16) 18... Rac8 $11 19. Rad1 Qb5 20. Ndf3 Rb8 21. Re2 h6 {[#]} (21... Rbc8 $11) 22. Nd4 $1 $16 {[%cal Rd4b5]} Qc5 23. Rde1 (23. Ndc6 $16) 23... Rb7 $1 $14 24. Kg1 Rfb8 25. Nec6 Rxb2 26. Nxe7+ Kh7 27. Qxb2 Rxb2 28. Rxb2 Nh5 29. Nec6 Qa3 30. Rc2 $36 {[%mdl 2048] White has the initiative.} Bf6 31. Re3 Bg5 32. Rf3 Kg7 33. Ne5 Bf6 $1 {[%cal Rf6e5]} 34. Nec6 (34. Nxc4 $14 Qa4 35. Ne3) 34... Qc5 35. Rb2 Qd5 (35... Bxd4 $14 36. Nxd4 Qc7) 36. Kg2 $2 (36. Rb5 $18 Qd7 37. Rc5 Qxh3 38. Ra5) 36... Bxd4 $1 $11 37. Nxd4 Nf6 38. Rb5 Qa8 39. Re5 {Black should prevent Re7.} Ne4 {White must now prevent ...Nd2.} 40. Kh2 {Threatens to win with Re7.} Nd2 (40... Qb7 $1 $11 {remains equal.}) 41. Rf4 $16 Qb7 42. Re2 (42. Rb5 $16 Qa8 43. h4) 42... Nb1 43. Rf3 Qd7 44. h4 Kg8 45. Kg2 Qd5 46. Kg1 $1 Qd7 47. Rfe3 {Hoping for Re8+.} Kg7 (47... Nxc3 $1 $14 48. Rxc3 Qxd4) 48. Rb2 ({White should try} 48. Nf3 $18) 48... Na3 $2 (48... Nxc3 $1 $14 49. Rxc3 Qxd4) 49. Kh2 Qd5 $2 (49... a6 {is tougher.} 50. Nf3 Nb5) 50. Rf3 $2 (50. Re7 $18 {is the precise move to win.}) 50... a5 $2 {[%mdl 8192]} (50... a6 $16 {keeps fighting.}) 51. Re2 $2 ({Better is} 51. Re3 $18) 51... Qd7 $2 ({Black should play} 51... Nb5 $14 52. Rf4 Nxc3) 52. Rb2 (52. Rfe3 $142) 52... Qd5 $1 $18 53. Kg2 Qd7 54. Re3 Kg8 55. Kg1 Kg7 56. Re5 Qc7 57. Rd5 Qe7 (57... h5 {might work better.} 58. f4 Qe7) 58. Re2 Qc7 59. Rde5 Nb1 60. R2e3 $2 (60. Re7 $18 Qb6 61. Rd7) 60... Nxc3 $14 61. Re7 Qd6 62. Ne6+ $1 Kf6 63. Nf4 $2 {[%mdl 8192]} (63. Nc7 $1 $14 {was the only good move.} Qxe7 64. Ne8+ Qxe8 65. Rxe8 Nxa2 66. Re2) 63... Qxe7 $19 {Black is clearly winning.} 64. Rxe7 Kxe7 {[%mdl 4096] Endgame KN-KN} 65. a3 Kd6 66. Kf1 Nb1 67. a4 Nc3 68. Ke1 Nxa4 69. Kd2 Nc5 70. Kc3 Ne4+ 71. Kxc4 Nxf2 72. Kd4 a4 {[%cal Ba5a4,Ba4a3][%mdl 32]} 73. Ne2 a3 74. Nc3 Ke6 75. Ke3 {[#]} Nd1+ $1 {[%mdl 512] Precision: White = 29%, Black = 36%.} 0-1